| 000 | 00328 a2200121 4500 | ||
|---|---|---|---|
| 001 | 92369 | ||
| 082 | _aPR 2568 | ||
| 090 |
_c44338 _d44339 |
||
| 100 | _aFasseh, Prof Farooq and Hassan (Advisors) | ||
| 245 |
_aDesign Optimization of Vertical Axis Wind Turbine _n79'A' EC |
||
| 260 |
_aIslamabad _bNUST _c2015 |
||
| 300 | _axii,61p. | ||
| 942 |
_aCAE NUST _kPR 2568 |
||
| 999 |
_c327442 _d327442 |
||